Statistics for Jesus of Suburbia by Green Day All Lyrics Quiz

Click here to take the quiz!

General Stats

  • This quiz has been taken 119 times
  • The average score is 344 of 498

Answer Stats

Answer% Correct
a
100%
A
100%
and
100%
And
100%
I
100%
Jesus
100%
of
100%
Of
100%
The
100%
the
100%
So
98%
so
98%
Suburbia!
98%
Suburbia
98%
I'm
96%
love
96%
rage
95%
in
93%
In
93%
be
91%
don't
91%
No
91%
son
91%
bible
89%
To
89%
to
89%
above
88%
me
88%
on
88%
On
88%
you
86%
is"
84%
Is
84%
is
84%
believe
82%
die
81%
ever
81%
make
81%
not
81%
with
81%
Are
79%
are
79%
care
79%
care!
79%
go
79%
my
79%
that
79%
That
79%
this
79%
This
79%
insane
77%
It
77%
it
77%
Land
77%
land
77%
none
77%
one
77%
can
75%
steady
75%
there's
75%
where
75%
away
74%
fall
74%
pop
74%
wrong
74%
As
72%
as
72%
cigarettes
72%
diet
72%
how
72%
Jane
72%
lie
72%
Mary
72%
nothing
72%
Soda
72%
alcohol
70%
"Home
70%
Home
70%
home!
70%
just
70%
supposed
70%
your
70%
beat
68%
or
68%
sins
68%
Sitting
68%
but
67%
But
67%
cocaine
67%
crucifix
67%
died
67%
Doing
67%
far
67%
For
67%
for
67%
heart
67%
keep
67%
Ritalin
67%
tell
67%
We
67%
we
67%
center
65%
debt
65%
else's
65%
everyone's
65%
fix
65%
got
65%
Hell
65%
ones
65%
say
65%
someone
65%
television
65%
was
65%
At
63%
City
63%
dead
63%
end
63%
lot
63%
parking
63%
bathroom
61%
Earth
61%
Get
61%
Lost
61%
lost
61%
7-11
60%
another
60%
living
60%
moms
60%
read
60%
room
60%
Least
58%
motto
58%
private
58%
same
58%
stall
58%
what
58%
Brads
56%
damned
56%
nowhere
56%
shame
56%
shit
56%
taught
56%
world
56%
children
54%
doesn't
54%
full
54%
highway
54%
It's
54%
mall
54%
out
54%
really
54%
seems
54%
Signs
54%
time!
54%
time
54%
While
54%
beating
53%
Cause
53%
holy
53%
Like
53%
shopping
53%
by
51%
if
51%
misleading
51%
Born
49%
raised
49%
says
49%
were
49%
am
47%
Am
47%
could
47%
demented
47%
didn't
47%
From
47%
from
47%
graffiti
47%
they
47%
confess
46%
much
46%
only
46%
scriptures
46%
dirty
44%
East
44%
faces
44%
hypocrites
44%
less
44%
Middle
44%
peace
44%
today
44%
war
44%
beloved,
42%
listening?
42%
seemed
42%
confirmed
40%
Dearly
40%
disturbed?
40%
kids
40%
live
40%
never
40%
word
40%
can't
39%
remember
39%
space
39%
When
39%
when
39%
cradle
37%
disciples
37%
insecure
37%
recycled
37%
saved
37%
saying
37%
stories
37%
that's
37%
Anaheim
35%
grave
35%
Hearts
35%
between
33%
Oh,
33%
Oh
33%
retarded
30%
leaving
26%
overjoyed?
26%
run
26%
run,
26%
fill
25%
fucking
25%
lies
25%
stand
25%
therapy,
25%
void?
25%
accused
23%
best
23%
Nobody's
23%
perfect
23%
please
23%
won't
23%
You're
23%
you're
23%
any
21%
apologize
21%
better
21%
feel
21%
leave
21%
tragedy
21%
victimized
21%
you've
21%
been
19%
behind
19%
broken
19%
excuse
19%
hurricane
19%
I've
19%
lack
19%
Tales
19%
breathe
18%
Running
18%
town
18%
exist
16%
faith
16%
find
16%
pain
16%
Hey!
14%
times
14%
lights
12%
masochists
12%
million
12%
line
11%
walked
11%
Everone's
4%
there ain't
4%

Score Distribution

Percentile by Number Answered

Percent of People with Each Score

Your Score History

You have not taken this quiz